000 01097nam a22003017a 4500
001 7543
003 FISKH
005 20250723152141.0
008 250723b cb ||||| |||| 00| 0 eng d
020 _a9780516249636
040 _aFISKH
_beng
_cFISKH
_dFISKH
050 _aQA113 .S366
082 _a513.2
100 _aSargent, Brian
245 _aGuess the order /
_cBy Brian Sargent
260 _aNew York :
_bScholastic ,
_c2006.
300 _a31 pages :
_bcolor illustrations ;
_c19 cm .
490 _aRookie Read-About Math
505 _aH
520 _aThe popular Rookie Books expand their horizons - to all corners of the globe! With this series all about geography, emergent readers will take off on adventures to cities, nations, waterways, and habitats around the world...and right in their own backyards.
521 8 _a430
_bLexile
521 8 _aH
_bRaz-Plus
650 _aCounting
_vJuvenile Literature
650 _aProblem solving
_vJuvenile Literature
700 _aAnderson, Caroline
_ePhoto Researcher
942 _2ddc
_cBK
_n0
999 _c7543
_d7543